Fundamentos de programación: aprendizaje activo basado en casos. Un enfoque moderno usando Java, UML, Objeto y Eclipse
Wedi'i Gadw mewn:
| Prif Awduron: | , |
|---|---|
| Fformat: | Llyfr |
| Iaith: | Sbaeneg |
| Cyhoeddwyd: |
Ciudad de México
Pearson Educación
2006
|
| Rhifyn: | 1a. ed |
| Pynciau: | |
| Tagiau: |
Ychwanegu Tag
Dim Tagiau, Byddwch y cyntaf i dagio'r cofnod hwn!
|
MARC
| LEADER | 00000cam a2200000 a 4500 | ||
|---|---|---|---|
| 001 | UCI0970 | ||
| 003 | CL-VaPUC | ||
| 008 | 070608e20060000MX |||||||||||||||||spa|d | ||
| 020 | |a 9702608465 | ||
| 082 | 0 | 4 | |a 005.133 |b VIL |2 21 |
| 100 | 0 | |a Villalobos S., Jorge A |e author |9 521233 | |
| 700 | 0 | |a Casallas G., Rubby |e author |9 521234 | |
| 245 | 1 | 0 | |a Fundamentos de programación: aprendizaje activo basado en casos. Un enfoque moderno usando Java, UML, Objeto y Eclipse |
| 250 | |a 1a. ed | ||
| 300 | |a 359 p | ||
| 942 | |c BK | ||
| 945 | |d 20070608 00:00:00 |a jtorresc | ||
| 260 | |a Ciudad de México |b Pearson Educación |c 2006 | ||
| 500 | |a Contiene un cd-rom | ||
| 650 | 0 | |a Programación de computadores |9 259531 | |
| 650 | 7 | |a COMPUTADORAS ELECTRONICAS DIGITALES |2 CL-VaPUC |9 521235 | |
| 650 | 0 | |a Lenguajes de programación |9 259458 | |
| 583 | |a last modification |c 20150107 11:21:57 |k Rodrigo Vera | ||
| 999 | |c 325920 |d 325918 | ||
| 952 | |0 0 |1 0 |2 ddc |4 0 |6 005_133000000000000_VIL_2006 |7 0 |8 A |9 407421 |a BIBING |b BIBING |c RES |d 2019-11-22 |i 434779K |o 005.133 VIL 2006 |p 434779K |r 2025-01-20 |w 2019-11-22 |y BK |k CCI | ||
| 952 | |0 0 |1 0 |2 ddc |4 0 |6 005_133000000000000_VIL_2006 |7 0 |8 A |9 407422 |a BIBING |b BIBING |c RES |d 2019-11-22 |i 4347803 |o 005.133 VIL 2006 |p 4347803 |r 2025-01-20 |w 2019-11-22 |y BK |k CCI | ||